TEXT BOOK OF HOSPITAL PHARMACY (Record no. 6124)

MARC details
000 -LEADER
fixed length control field 00447nam a22001817a 4500
005 - DATE AND TIME OF LATEST TRANSACTION
control field 20200317114055.0
008 - FIXED-LENGTH DATA ELEMENTS--GENERAL INFORMATION
fixed length control field 200317b xxu||||| |||| 00| 0 eng d
020 ## - INTERNATIONAL STANDARD BOOK NUMBER
ISBN 9788123918763
041 ## - LANGUAGE CODE
Language code of text/sound track or separate title eng
082 ## - DEWEY DECIMAL CLASSIFICATION NUMBER
Classification number 615
100 ## - MAIN ENTRY--AUTHOR NAME
Personal name ALLWOOD M . C
245 ## - TITLE STATEMENT
Title TEXT BOOK OF HOSPITAL PHARMACY
Statement of responsibility, etc M.C ALLWOOD
250 ## - EDITION STATEMENT
Edition statement 1'ST
260 ## - PUBLICATION, DISTRIBUTION, ETC. (IMPRINT)
Place of publication NEW DELHI
Name of publisher CBS PUBLISHERS
Year of publication 2010
300 ## - PHYSICAL DESCRIPTION
Number of Pages 491 P. IX
650 ## - SUBJECT ADDED ENTRY--TOPICAL TERM
Topical Term PHARMACY
942 ## - ADDED ENTRY ELEMENTS (KOHA)
Koha item type Books
Holdings
Lost status Damaged status Collection code Home library Current library Shelving location Date acquired Source of acquisition Full call number Accession Number Koha item type
    PHARMACY JRU Library JRU Library SHELF - 19 - H 17/03/2020 PURCHASE 615 23768 Books
    Reference JRU Library JRU Library SHELF-4-C 17/03/2020 PURCHASE 615 23769 Books